000 00957nam a2200277Ia 4500
003 OSt
005 20221005110745.0
006 a|||||r|||| 00| 0
007 ta
008 221004b |||||||| |||| 00| 0 hin d
020 _a9788171786787 (hbk)
_c195
024 _a11112
037 _b8178, 20/03/2014, Rajkamal Prakashan Pvt. Ltd.
_cTextual
040 _aCRL
_cCRL
_bhin
041 _2hin
_ahin
082 _aO152,3N1511,JH, K7;Q3
100 _aसाहनी, भीष्म
245 0 _aझरोखे
246 _aZarokhe
250 _a3 संस्करण
260 _aनई दिल्ली
_bराजकमल प्रकाशन भारत
_c2013
300 _a131पृ0
_ccm.
650 _aहिन्दी साहित्य
942 _hO152,3N1511,JH, K7;Q3
_cTEXL
_2cc
999 _c1019789
_d1019789